| 000 | 00569nam a22002177a 4500 | ||
|---|---|---|---|
| 003 | OSt | ||
| 005 | 20170208133309.0 | ||
| 008 | 170208b xxu||||| |||| 00| 0 eng d | ||
| 020 | _a9781464109812 | ||
| 040 | _cDDC | ||
| 082 | _a570.6 MOL 2013 | ||
| 100 |
_aLodish, Harvey [et...al] _911505 |
||
| 245 | _aMolecular Cell Biology | ||
| 250 | _a7th ed. | ||
| 260 | _aNew York; W.H. Freeman, 2013 | ||
| 300 | _axxxiii,1154p; col.ill: 29cm | ||
| 504 | _aGlossary, & index included | ||
| 650 |
_aCell biology _95671 |
||
| 650 |
_aMolecules _98508 |
||
| 942 |
_2z _cO_SHELF |
||
| 999 |
_c5513 _d5513 |
||